| 000 | 00638nam a22002057a 4500 | ||
|---|---|---|---|
| 005 | 20240814174152.0 | ||
| 008 | s1974 eng d | ||
| 041 | _aeng | ||
| 245 | 1 | 0 | _aThe constitution of the Socialist Federal Republic of Yugoslavia [1974] |
| 260 | 3 |
_aBelgrade : _bDopisna delavska univerza, _c1974 |
|
| 300 |
_a310 p. : _b ill. ; _c 18, 21X29 cm. |
||
| 650 | 0 | 4 | _aConstitutional law -- Yugoslavia |
| 650 | 0 | 4 | _aConstitutions |
| 650 | 0 | 4 | _aYugoslavia -- Constitutional law |
| 850 | _aNALT | ||
| 942 | _cLB | ||
| 997 | _c000000000020267 | ||
| 998 |
_aAREERAT VICHACHANG _j25 _k นีลวัสน์ อินทรักษา |
||
| 999 |
_c20267 _d20267 |
||
| 090 | _aKD35.Y8.4 C66 1974 | ||